000 00262nam a2200097Ia 4500
001 640571
005 20250826153450.0
008 250824s9999 xx 000 0 und d
245 0 _aÇATLAK MATEMATİK OYUNLARI
_cSERHAN BÜYÜKKEÇECİ
260 _bEĞLENCELİ BİLGİ
999 _c640571
_d640571